01452nam a22001937a 4500003001000000008004100010020001800051040001400069041000700083100002800090245004000118260004100158300001200199500011200211520078500323650002401108654001201132700011401144IT-MiCISF161221b xxu||||| |||| 00| 0 eng d a9788882274580 cIT-MiCISF ait aLacroix Xavier (et al.) aLa famiglia tra sfide e prospettive aMagnano (BI)bEdizioni Qiqajonc2015 app. 350 apastorale-familiare, matrimonio-sacramento, procreazione-responsabile, aborto, omosessualità, nuove-nozze aPapa Francesco sta invitando tutta la chiesa a intraprendere con responsabilità un cammino sinodale. In questo volume sono raccolte le risposte, brevi e argomentate, di ventisei teologi, uomini e donne, presbiteri e laici, sollecitati dall’invito del papa, in particolare riguardo alle sfide poste dal mondo di oggi alla famiglia. I temi affrontati sono tra i più urgenti: il significato teologico del matrimonio, la parola di Dio e la vocazione dell’amore coniugale, la missione sociale della famiglia, la responsabilità delle coppie di fronte alla procreazione, l’aborto e la contraccezione, la relazione omosessuale, i divorziati risposati e il loro accesso ai sacramenti. (Introduzione di Bordeyne P., Pincon B. Prefazione di Brunin J.L. Postfazione di Bianchi E.) apastorale-familiare adossier aTheobald C.aWénin A.aChiron J.-F.aLefebvre Ph.aMargron V.aPelletier A.-M.aSouletie J.-L.aGagey H.-J.